Largest Cities Close to the Prime Meridian - Statistics

General Stats
  • This quiz has been taken 20 times
  • The average score is 24 of 28
Answer Stats
# Population Coordinates Nat. Answer % Correct
5 6,800,000 5°33′N 0°12′W 🇬🇭 Accra
100%
9 4,325,000 36°43′57″N 03°05′14″E 🇩🇿 Algiers
100%
8 4,875,000 41°23′N 2°11′E 🇪🇸 Barcelona
100%
1 21,300,000 6.455027°N 3.384082°E 🇳🇬 Lagos
100%
2 15,100,000 51°30′26″N 0°7′39″W 🇬🇧 London
100%
6 6,700,000 40°25′01″N 03°42′12″W 🇪🇸 Madrid
100%
3 11,500,000 48°51′24″N 2°21′8″E 🇫🇷 Paris
100%
17 2,575,000 52°22′22″N 04°53′37″E 🇳🇱 Amsterdam
95%
10 3,975,000 52°28′48″N 1°54′9″W 🇬🇧 Birmingham
95%
7 6,100,000 53.4790°N 2.2452°W 🇬🇧 Manchester
95%
11 3,450,000 51.92°N 4.48°E 🇳🇱 Rotterdam
95%
22 1,710,000 55°51′40″N 04°15′00″W 🇬🇧 Glasgow
90%
20 2,050,000 45°46′03″N 4°50′06″E 🇫🇷 Lyon
90%
24 1,470,000 53°22′51″N 01°28′13″W 🇬🇧 Sheffield
90%
21 1,940,000 39°28′12″N 00°22′35″W 🇪🇸 Valencia
90%
4 7,050,000 5°19′N 4°2′W 🇨🇮 Abidjan
85%
28 1,270,000 51°13′04″N 04°24′01″E 🇧🇪 Antwerp
85%
15 2,800,000 50°50′48″N 04°21′09″E 🇧🇪 Brussels
85%
18 2,175,000 53°47′51″N 01°32′37″W 🇬🇧 Leeds
85%
12 3,425,000 12°22′07″N 01°31′39″W 🇧🇫 Ouagadougou
85%
16 2,625,000 06°07′51″N 01°12′55″E 🇹🇬 Lomé
80%
23 1,640,000 35°41′49″N 0°37′59″W 🇩🇿 Oran
75%
13 3,400,000 7°23′47″N 3°55′0″E 🇳🇬 Ibadan
70%
27 1,320,000 50°37′40″N 3°03′30″E 🇫🇷 Lille
70%
24 1,470,000 54.9738°N 1.6131°W 🇬🇧 Newcastle upon Tyne
70%
26 1,390,000 52.9561°N 1.1512°W 🇬🇧 Nottingham
65%
19 2,150,000 6°22′N 2°26′E 🇧🇯 Cotonou
55%
14 2,900,000 06°42′00″N 01°37′30″W 🇬🇭 Kumasi
50%
No matching quizzes found
Score Distribution
Percent of People with Each Score
Percentile by Number Answered
Your Score History
You have not taken this quiz